[Event "Titled Tue 10th Jun Late"]
[Site "chess.com INT"]
[Date "2025.06.10"]
[Round "5"]
[White "Niemann, Hans Moke"]
[Black "Deac, Bogdan-Daniel"]
[Result "1-0"]
[WhiteTitle "GM"]
[BlackTitle "GM"]
[WhiteElo "2736"]
[BlackElo "2674"]
[WhiteFideId "2093596"]
[BlackFideId "1226380"]
[EventDate "2025.06.10"]

1. e4 c5 2. Nf3 e6 3. c3 d5 4. e5 Nc6 5. d4 Bd7 6. g3 Qb6 7. Bh3 Qa6 8. Bf1 Qb6
9. Be2 Nh6 10. Na3 cxd4 11. cxd4 Bxa3 12. bxa3 Nf5 13. Be3 Qa5+ 14. Qd2 Qxa3 15.
Rb1 Nxe3 16. fxe3 Rb8 17. O-O O-O 18. Bd3 h6 19. g4 Qe7 20. Bc2 f6 21. exf6 Rxf6
22. Qd3 g5 23. Rf2 b6 24. a3 Rbf8 25. Rbf1 Be8 26. Qc3 Qd6 27. Kg2 Kg7 28. h3
Qe7 29. Ba4 Nb8 30. Bc2 Nc6 31. Bd3 Qd6 32. Bb1 Qe7 33. Qc2 Kg8 34. e4 1-0

[Event "Titled Tue 10th Jun Late"]
[Site "chess.com INT"]
[Date "2025.06.10"]
[Round "5"]
[White "Demchenko, Yaroslav"]
[Black "Anhwere, Bernard"]
[Result "0-1"]
[WhiteTitle "CM"]
[BlackTitle "CM"]
[WhiteElo "2263"]
[BlackElo "1906"]
[WhiteFideId "14186667"]
[BlackFideId "12600580"]
[EventDate "2025.06.10"]

1. Nf3 Nf6 2. b3 g6 3. Bb2 Bg7 4. d4 d5 5. e3 O-O 6. Bd3 c6 7. Nbd2 Nbd7 8. O-O
Re8 9. c4 b6 10. e4 dxe4 11. Nxe4 Nxe4 12. Bxe4 Bb7 13. Re1 Nf6 14. Bc2 c5 15.
d5 Qd7 16. Ne5 Qc7 17. h4 Rad8 18. Qc1 e6 19. dxe6 Rxe6 20. Nd3 Rxe1+ 21. Qxe1
Ng4 22. Bxg7 Qh2+ 23. Kf1 Qxg2+ 24. Ke2 Re8+ 25. Be5 Nxe5 26. Kd1 Bf3+ 27. Kd2
Nxc4+ 28. bxc4 Rxe1 29. Rxe1 Be4 30. Re2 Bxd3 31. Bxd3 Qh2 32. h5 Qxh5 33. a4
Qg5+ 34. Ke1 Qc1# 0-1

[Event "Titled Tue 10th Jun Late"]
[Site "chess.com INT"]
[Date "2025.06.10"]
[Round "5"]
[White "Mishra, Abhimanyu"]
[Black "Carlsen, Magnus"]
[Result "0-1"]
[WhiteTitle "GM"]
[BlackTitle "GM"]
[WhiteElo "2611"]
[BlackElo "2837"]
[WhiteFideId "30920019"]
[BlackFideId "1503014"]
[EventDate "2025.06.10"]

1. e4 c5 2. Nf3 d6 3. d4 cxd4 4. Nxd4 Nf6 5. Nc3 Bd7 6. Bg5 e6 7. Ndb5 Bxb5 8.
Bxb5+ Nc6 9. Qf3 Be7 10. e5 dxe5 11. Bxc6+ bxc6 12. Qxc6+ Kf8 13. O-O Qc8 14.
Qf3 Rb8 15. Ne4 Nxe4 16. Bxe7+ Kxe7 17. Qxe4 Qc5 18. b3 f5 19. Qe3 Qxe3 20. fxe3
a5 21. Rfd1 g5 22. Rd2 Rhc8 23. c4 e4 24. Rc1 h5 25. c5 Rc6 26. Kf2 h4 27. Rc4
Rb4 28. Rdc2 e5 29. R4c3 Ke6 30. a3 Rb5 31. Ke2 f4 32. h3 Kf5 33. Kf2 g4 34.
hxg4+ Kxg4 35. Rc1 Kf5 36. R1c2 Rb8 37. Rc1 Rg8 38. Rh1 Rd8 39. Ke2 Rg6 40. Rh2
h3 41. gxh3 f3+ 42. Ke1 Rg1+ 43. Kf2 Rdd1 0-1

[Event "Titled Tue 10th Jun Late"]
[Site "chess.com INT"]
[Date "2025.06.10"]
[Round "5"]
[White "Ferraz, Michel Liah"]
[Black "Fichter, Fabian"]
[Result "1-0"]
[BlackTitle "FM"]
[WhiteElo "2007"]
[BlackElo "2235"]
[WhiteFideId "22743219"]
[BlackFideId "24613258"]
[EventDate "2025.06.10"]

1. d4 Nf6 2. c4 e6 3. Nc3 Bb4 4. Qc2 O-O 5. Nf3 d5 6. cxd5 exd5 7. Bg5 c6 8. e3
h6 9. Bh4 Re8 10. Bd3 Nbd7 11. O-O Qa5 12. a3 Bf8 13. b4 Qb6 14. Na4 Qc7 15. Nc5
Nxc5 16. bxc5 Ne4 17. Ne5 Rxe5 18. dxe5 Nxc5 19. Bg3 Nxd3 20. Qxd3 Qe7 21. a4 b6
22. Rfc1 Bb7 23. a5 Rd8 24. axb6 axb6 25. Ra7 Rd7 26. Rb1 b5 27. h3 b4 28. f4 c5
29. Qb5 Bc8 30. Ra8 Rb7 31. Qc6 Be6 32. Bh4 Qd7 33. Qxc5 1-0

[Event "Titled Tue 10th Jun Late"]
[Site "chess.com INT"]
[Date "2025.06.10"]
[Round "5"]
[White "Vakhidov, Jakhongir"]
[Black "Sjugirov, Sanan"]
[Result "0-1"]
[WhiteTitle "GM"]
[BlackTitle "GM"]
[WhiteElo "2539"]
[BlackElo "2635"]
[WhiteFideId "14201801"]
[BlackFideId "4189302"]
[EventDate "2025.06.10"]

1. c4 e6 2. g3 d5 3. Bg2 dxc4 4. Qa4+ Nd7 5. Qxc4 a6 6. Nf3 b5 7. Qc2 Bb7 8. Nc3
c5 9. a4 Qb6 10. O-O Ngf6 11. d3 Be7 12. Be3 O-O 13. b4 Ng4 14. Bxc5 Nxc5 15.
bxc5 Bxc5 16. e3 Rfc8 17. d4 Bb4 18. Ng5 Nf6 19. Bxb7 Qxb7 20. Nge4 Bxc3 21.
Nxc3 b4 22. Rfb1 Qc6 23. Rxb4 Qxc3 24. Qb1 h5 25. h4 Ng4 26. Rb2 g6 27. Qa2 Rab8
28. Rab1 Rxb2 29. Qxb2 Qxb2 30. Rxb2 Rc4 31. Ra2 a5 32. Kf1 Nf6 33. Ke2 Nd5 34.
Kf3 Nb6 35. Ke4 Rxa4 36. Rb2 Rb4 37. Rc2 a4 0-1

[Event "Titled Tue 10th Jun Late"]
[Site "chess.com INT"]
[Date "2025.06.10"]
[Round "5"]
[White "Akkara, Omer"]
[Black "Krzywda, Andrzej"]
[Result "0-1"]
[WhiteTitle "CM"]
[BlackTitle "CM"]
[WhiteElo "2036"]
[BlackElo "2175"]
[WhiteFideId "26319802"]
[BlackFideId "1114565"]
[EventDate "2025.06.10"]

1. e4 e5 2. Nf3 Nf6 3. Nc3 Bb4 4. a3 Bxc3 5. dxc3 d6 6. Bc4 Qe7 7. O-O Nxe4 8.
Re1 Nf6 9. h3 O-O 10. Bf4 Be6 11. Bxe6 fxe6 12. Bh2 Nbd7 13. Qe2 a6 14. Rad1
Rae8 15. Nd2 Nd5 16. Qf1 Qf6 17. Ne4 Qg6 18. g3 N7f6 19. Qg2 Nxe4 20. Rxe4 h6
21. Rd2 Rf7 22. Ree2 Ref8 23. c4 Nb6 24. b3 Nd7 25. Qxb7 Nc5 26. Qg2 e4 27. g4
e5 28. b4 Na4 29. Qxe4 Qg5 30. Qe3 Qh4 31. Qg3 Qg5 32. Re3 Nb2 33. Rc3 Qxd2 0-1

[Event "Titled Tue 10th Jun Late"]
[Site "chess.com INT"]
[Date "2025.06.10"]
[Round "5"]
[White "Amarasinghe, A A C B"]
[Black "Sabatier, Mathis"]
[Result "0-1"]
[WhiteTitle "CM"]
[BlackTitle "CM"]
[WhiteElo "1922"]
[BlackElo "2235"]
[WhiteFideId "9901809"]
[BlackFideId "26029685"]
[EventDate "2025.06.10"]

1. d4 d5 2. c4 dxc4 3. Nf3 Nf6 4. e3 a6 5. Bxc4 b5 6. Bb3 Bb7 7. O-O e6 8. a4
Nbd7 9. Qe2 c5 10. dxc5 Bxc5 11. Na3 O-O 12. axb5 axb5 13. Bd2 b4 14. Nc4 Ne4
15. Rfd1 Qe7 16. Be1 Ndf6 17. Nfe5 Nd5 18. f3 Nef6 19. Kh1 Rfd8 20. Bg3 h6 21.
e4 Nb6 22. Nxb6 Bxb6 23. Nc4 Bd4 24. Rxa8 Bxa8 25. Na5 Nh5 26. Be1 Qg5 27. Bxb4
Ng3+ 28. hxg3 Qh5# 0-1

[Event "Titled Tue 10th Jun Late"]
[Site "chess.com INT"]
[Date "2025.06.10"]
[Round "5"]
[White "Gerbelli Neto, Eduardo"]
[Black "Wu, Rochelle"]
[Result "0-1"]
[BlackTitle "FM"]
[WhiteElo "2114"]
[BlackElo "2211"]
[WhiteFideId "2103281"]
[BlackFideId "30908132"]
[EventDate "2025.06.10"]

1. e4 c5 2. Nc3 d6 3. f4 g6 4. Nf3 Bg7 5. Bb5+ Nc6 6. Bc4 Bd7 7. O-O e6 8. d3
Nge7 9. Qe1 Nd4 10. Nxd4 cxd4 11. Ne2 Qb6 12. a4 Bc6 13. a5 Qc7 14. Qf2 Bxe4 15.
Nxd4 Bd5 16. Bb5+ Nc6 17. Be3 O-O 18. Nxc6 bxc6 19. Ba4 c5 20. c4 Bb7 21. Bb3
Rab8 22. Ra3 Bc6 23. d4 Be4 24. dxc5 dxc5 25. Bxc5 Bxb2 26. Bxf8 Bxa3 27. Bxa3
Rxb3 28. Qd4 Rxa3 29. Qxe4 Rxa5 30. Rb1 Ra4 31. Rb7 Qc5+ 32. Kf1 Rxc4 33. Rb8+
Kg7 34. Qe5+ Qxe5 35. fxe5 a5 36. Ra8 Rc5 0-1

[Event "Titled Tue 10th Jun Late"]
[Site "chess.com INT"]
[Date "2025.06.10"]
[Round "5"]
[White "Zierk, Steven"]
[Black "Shukhman, Anna"]
[Result "1-0"]
[WhiteTitle "GM"]
[BlackTitle "WGM"]
[WhiteElo "2489"]
[BlackElo "2413"]
[WhiteFideId "2034255"]
[BlackFideId "54180058"]
[EventDate "2025.06.10"]

1. e4 c5 2. Nf3 d6 3. d4 cxd4 4. Nxd4 Nf6 5. Nc3 g6 6. Be3 Nc6 7. f3 h5 8. Bc4
Bd7 9. Bb3 Bg7 10. Qd2 Na5 11. O-O-O Rc8 12. Kb1 Nc4 13. Bxc4 Rxc4 14. h3 h4 15.
Qd3 Qc8 16. Bg5 Nh7 17. Be3 Nf6 18. Nde2 b5 19. Bd4 b4 20. Nd5 Be6 21. Bxf6 exf6
22. Ne3 Rc7 23. Qxd6 Bf8 24. Qd4 Bc5 25. Qxf6 O-O 26. Nd4 Be7 27. Qe5 Rc5 28.
Nd5 Bxd5 29. exd5 Re8 30. Rhe1 Qd8 31. Nc6 1-0

[Event "Titled Tue 10th Jun Late"]
[Site "chess.com INT"]
[Date "2025.06.10"]
[Round "5"]
[White "Gattani, Sarthak"]
[Black "Guerra Mendez, Jose Angel"]
[Result "0-1"]
[BlackTitle "GM"]
[WhiteElo "1944"]
[BlackElo "2478"]
[WhiteFideId "30995965"]
[BlackFideId "3508129"]
[EventDate "2025.06.10"]

1. d4 d5 2. Bf4 e6 3. e3 Bd6 4. Bg3 Nf6 5. Nf3 O-O 6. Nbd2 c5 7. c3 Qc7 8. Ne5
Nbd7 9. f4 b6 10. Bd3 Bb7 11. O-O Ne4 12. Bxe4 dxe4 13. Ndc4 Nf6 14. Nxd6 Qxd6
15. f5 Qd5 16. Bh4 exf5 17. Rxf5 Qe6 18. Rxf6 gxf6 19. Ng4 Bc8 20. Nxf6+ Kh8 21.
Qh5 Qf5 22. Qh6 Be6 23. Nh5 Qg6 24. Bf6+ Kg8 0-1

[Event "Titled Tue 10th Jun Late"]
[Site "chess.com INT"]
[Date "2025.06.10"]
[Round "5"]
[White "Hernandez Bermudez, Ulises Eduardo"]
[Black "Uyanga, Byambaa"]
[Result "1-0"]
[BlackTitle "WFM"]
[WhiteElo "2042"]
[BlackElo "2006"]
[WhiteFideId "3902510"]
[BlackFideId "2054906"]
[EventDate "2025.06.10"]

1. e4 c5 2. c3 g6 3. d4 cxd4 4. cxd4 d5 5. exd5 Nf6 6. Nc3 Nxd5 7. Bc4 Nb6 8.
Bb3 Bg7 9. Nf3 Nc6 10. O-O Nxd4 11. Nxd4 Qxd4 12. Qf3 O-O 13. Be3 Qb4 14. Rac1
Bg4 15. Qxb7 e6 16. h3 Bf5 17. Rfd1 h5 18. Qa6 Rfd8 19. Qe2 Rac8 20. Rxd8+ Rxd8
21. Qa6 Nd5 22. Nxd5 exd5 23. Qxa7 d4 24. Rd1 Be6 25. Bxe6 fxe6 26. b3 Qd6 27.
Rd3 e5 28. Qb7 Qb4 29. Bg5 Rf8 30. Qe4 Qe1+ 31. Qxe1 Kh7 32. Qe4 Rc8 33. g3 Ra8
34. Kg2 Rxa2 35. Rf3 Rb2 36. Rf7 Rxb3 37. Qxe5 1-0

[Event "Titled Tue 10th Jun Late"]
[Site "chess.com INT"]
[Date "2025.06.10"]
[Round "5"]
[White "Kleimenov, Nikolay"]
[Black "Platzgummer, Fabian"]
[Result "0-1"]
[WhiteTitle "CM"]
[BlackTitle "IM"]
[WhiteElo "2199"]
[BlackElo "2293"]
[WhiteFideId "34414223"]
[BlackFideId "1617222"]
[EventDate "2025.06.10"]

1. e4 c6 2. d4 d5 3. e5 Na6 4. f4 h5 5. Nf3 Bg4 6. h3 Bxf3 7. Qxf3 e6 8. c3 Ne7
9. Bd3 Nf5 10. Bxf5 exf5 11. g3 Nc7 12. Nd2 Ne6 13. Nf1 g6 14. Rg1 Qa5 15. Bd2
Qb5 16. Rb1 a5 17. Ne3 Be7 18. g4 hxg4 19. hxg4 fxg4 20. Qxg4 Rh4 21. Qe2 Qxe2+
22. Kxe2 Nxf4+ 23. Kf3 Ne6 24. Rh1 Ng5+ 25. Ke2 Ne4 26. Rxh4 Bxh4 27. Be1 Bxe1
28. Rxe1 Ke7 29. Kf3 Rh8 30. Kg2 b5 31. Rf1 a4 32. a3 Rh5 33. Ng4 Rh4 34. Nf6
Nd2 35. Ng8+ Kf8 36. Rd1 Nc4 37. Nf6 Ne3+ 38. Kg3 Nxd1 39. Kxh4 Nxb2 40. Nd7+
Ke8 41. Nb8 Nc4 42. Nxc6 Nxa3 43. Nb4 Nb1 44. Nxd5 a3 45. Nb4 Nxc3 46. Kg5 a2
47. Nc2 b4 48. Na1 Ne2 49. d5 Nd4 50. Kf4 b3 51. Ke4 b2 52. Kxd4 bxa1=Q+ 0-1

[Event "Titled Tue 10th Jun Late"]
[Site "chess.com INT"]
[Date "2025.06.10"]
[Round "5"]
[White "Cigan, Jason"]
[Black "Garcia Hernandez, Rebeca"]
[Result "1-0"]
[BlackTitle "WCM"]
[WhiteElo "2123"]
[BlackElo "1904"]
[WhiteFideId "2064022"]
[BlackFideId "5180872"]
[EventDate "2025.06.10"]

1. e4 c5 2. Nf3 a6 3. c4 d6 4. d4 cxd4 5. Nxd4 Nf6 6. Nc3 g6 7. Be3 Bg7 8. Be2
O-O 9. O-O Bd7 10. Qd2 Nc6 11. Nc2 Rc8 12. b3 Ng4 13. Bxg4 Bxg4 14. f4 Qa5 15.
b4 Nxb4 16. Nd5 Bxa1 17. Rxa1 Nc6 18. Nxe7+ Kh8 19. Bd4+ Nxd4 20. Qxa5 Nxc2 21.
Nxc8 Nxa1 22. Qc3+ f6 23. Qxa1 Bxc8 24. Qd4 Be6 25. Qxd6 Re8 26. c5 Kg8 27. Qc7
Bxa2 28. Qxb7 a5 29. c6 a4 30. c7 Be6 31. Qc6 Kf7 32. Qxa4 Rc8 33. Qc6 h5 34.
Kf2 Ke7 35. e5 fxe5 36. fxe5 Kf7 37. Qd6 g5 38. g3 h4 39. gxh4 gxh4 40. Kf3 h3
41. Kg3 Rg8+ 42. Kf3 Rc8 43. Kf4 Rg8 44. Qd8 1-0

[Event "Titled Tue 10th Jun Late"]
[Site "chess.com INT"]
[Date "2025.06.10"]
[Round "5"]
[White "Urbina Perez, Juan Antonio"]
[Black "Rajaram, Rohan"]
[Result "1-0"]
[WhiteTitle "FM"]
[BlackTitle "CM"]
[WhiteElo "2221"]
[BlackElo "2164"]
[WhiteFideId "2217368"]
[BlackFideId "30940729"]
[EventDate "2025.06.10"]

1. e4 d6 2. d4 Nf6 3. f3 g6 4. Be3 Bg7 5. Qd2 Nbd7 6. Bh6 O-O 7. h4 Nh5 8. Bxg7
Kxg7 9. Ne2 h6 10. Nbc3 e5 11. g4 Nhf6 12. O-O-O Rb8 13. g5 hxg5 14. hxg5 Nh5
15. dxe5 Nxe5 16. f4 Ng4 17. Bh3 Nf2 18. Qd4+ f6 19. gxf6+ Qxf6 20. Qxf2 Bxh3
21. Rxh3 Nxf4 22. Nxf4 Qxf4+ 23. Qxf4 Rxf4 24. Rdh1 c6 25. Rh7+ Kf6 26. R1h2 b5
27. a3 a5 28. R7h4 g5 29. Rxf4+ gxf4 30. Rh5 Re8 31. Rf5+ Kg6 32. Rxf4 Kg5 33.
Rf5+ Kg6 34. b4 axb4 35. axb4 d5 36. Rf2 d4 37. Ne2 Rxe4 38. Kd2 1-0

[Event "Titled Tue 10th Jun Late"]
[Site "chess.com INT"]
[Date "2025.06.10"]
[Round "5"]
[White "Doric, Darko"]
[Black "Ermachenko, Manuel"]
[Result "0-1"]
[WhiteTitle "IM"]
[BlackTitle "CM"]
[WhiteElo "2444"]
[BlackElo "2277"]
[WhiteFideId "14507200"]
[BlackFideId "24560952"]
[EventDate "2025.06.10"]

1. d4 d5 2. c4 e6 3. Nc3 c5 4. cxd5 exd5 5. Nf3 cxd4 6. Nxd4 Nc6 7. g3 Nf6 8.
Bg2 Bc5 9. Nxc6 bxc6 10. O-O O-O 11. Bg5 Re8 12. Rc1 Bb6 13. Na4 Ba6 14. Bf3 h6
15. Bxf6 Qxf6 16. Nxb6 axb6 17. Re1 Rad8 18. b4 Bc4 19. a4 Ra8 20. Qc2 Re7 21.
Bg2 Rea7 22. Ra1 Bb5 23. e4 dxe4 24. Bxe4 Rxa4 25. Rxa4 Bxa4 26. Qd2 Rd8 27. Qe3
Qd4 28. Qa3 Bb5 29. h4 Qd2 30. Ra1 Re8 31. Bf3 Re1+ 32. Rxe1 Qxe1+ 33. Kg2 Bf1+
34. Kg1 Be2+ 35. Kg2 Qf1+ 36. Kh2 Qxf2+ 37. Bg2 Bf1 38. Qa8+ Kh7 39. Qxc6 Qxg2+
40. Qxg2 Bxg2 41. Kxg2 Kg6 42. Kf3 Kf5 43. h5 g6 44. hxg6 fxg6 45. b5 h5 46. Ke3
Ke5 0-1

[Event "Titled Tue 10th Jun Late"]
[Site "chess.com INT"]
[Date "2025.06.10"]
[Round "5"]
[White "Graif, William"]
[Black "Bulgak, Damir"]
[Result "0-1"]
[WhiteTitle "FM"]
[WhiteElo "2211"]
[BlackElo "2213"]
[WhiteFideId "2609835"]
[BlackFideId "13528882"]
[EventDate "2025.06.10"]

1. e4 c5 2. Nc3 Nc6 3. Bb5 Nd4 4. Nf3 Qa5 5. Bd3 Nxf3+ 6. Qxf3 e6 7. O-O d6 8.
Bb5+ Ke7 9. Re1 f6 10. a3 Nh6 11. b4 cxb4 12. Nd5+ Kf7 13. d4 Qxb5 14. Nc7 Qc6
15. Nxa8 b6 16. Bxh6 gxh6 17. e5 Qxf3 18. gxf3 bxa3 19. Rxa3 a6 20. Nxb6 dxe5
21. Rc3 Bb7 22. Rc7+ Kg6 23. Rxb7 Bb4 24. Nc4 Bxe1 25. dxe5 Rc8 26. Ne3 fxe5 27.
Rb6 Kf7 28. Rxa6 Bd2 29. Ng4 Rxc2 30. Nxe5+ Kf6 31. Ng4+ Ke7 32. Ra7+ Kd6 33.
Rxh7 Rc5 34. Nxh6 Ke5 35. Ng4+ Kf4 36. Rf7+ Kg5 37. Kg2 Bf4 38. Rg7+ Kh4 39.
Rh7+ Kg5 40. Rg7+ Kf5 41. h4 Rc4 42. h5 Bg5 43. h6 Rc8 0-1

[Event "Titled Tue 10th Jun Late"]
[Site "chess.com INT"]
[Date "2025.06.10"]
[Round "5"]
[White "Venkatesh, Narayan"]
[Black "Bustelo, Tabare"]
[Result "1-0"]
[WhiteTitle "FM"]
[BlackTitle "CM"]
[WhiteElo "2168"]
[BlackElo "2043"]
[WhiteFideId "30987881"]
[BlackFideId "3000362"]
[EventDate "2025.06.10"]

1. Nf3 Nc6 2. g3 e5 3. d3 f5 4. Bg2 Nf6 5. O-O Be7 6. c4 d6 7. Nc3 O-O 8. Rb1
Kh8 9. b4 Qe8 10. a4 Be6 11. Bd2 Bg8 12. e3 Bd8 13. Qe2 a6 14. b5 Ne7 15. Ne1
axb5 16. axb5 Rb8 17. Nc2 d5 18. cxd5 Nexd5 19. Nxd5 Nxd5 20. Nb4 Nxb4 21. Bxb4
Be7 22. Rfc1 Bxb4 23. Rxb4 Qe7 24. Rb2 Qd7 25. Qc2 Rfd8 26. Qxc7 Qxd3 27. h4 e4
28. b6 Bd5 29. Rbc2 h6 30. Qe5 Qa6 31. Rc7 Rg8 32. Qxd5 Qxb6 33. Qxf5 Rbf8 34.
Qxe4 Qb2 35. R1c2 Qb1+ 36. Kh2 b5 37. R2c6 Qxe4 38. Bxe4 Rb8 39. Rxh6+ 1-0

[Event "Titled Tue 10th Jun Late"]
[Site "chess.com INT"]
[Date "2025.06.10"]
[Round "5"]
[White "Nita, Lucian"]
[Black "Castillo Pena, Patricia Evarista"]
[Result "1-0"]
[BlackTitle "WFM"]
[WhiteElo "2143"]
[BlackElo "1909"]
[WhiteFideId "1206923"]
[BlackFideId "6412106"]
[EventDate "2025.06.10"]

1. e4 c5 2. d3 Nc6 3. Be3 d6 4. Nf3 Nf6 5. h3 e6 6. c3 Be7 7. Be2 O-O 8. O-O Rb8
9. a4 a6 10. Nbd2 b5 11. axb5 axb5 12. d4 cxd4 13. cxd4 d5 14. e5 Nd7 15. Bd3 g6
16. Qe2 Nb4 17. Bb1 Nb6 18. Bh6 Re8 19. Nb3 Nc4 20. Rd1 Bd7 21. Nc1 Rc8 22. b3
Nb6 23. Nd3 Nxd3 24. Bxd3 b4 25. Bd2 Qc7 26. Rdc1 Qb7 27. Rxc8 Rxc8 28. Qe3 Ra8
29. Rxa8+ Qxa8 30. Qh6 Bf8 31. Qh4 Bg7 32. Ng5 h6 33. Nf3 Qa1+ 34. Kh2 g5 35.
Qh5 Be8 36. h4 gxh4 37. Qxh4 Nd7 38. Bxh6 Qc3 39. Bxg7 Kxg7 40. Qg5+ Kf8 41. Bb5
Nxe5 42. Qxe5 1-0

[Event "Titled Tue 10th Jun Late"]
[Site "chess.com INT"]
[Date "2025.06.10"]
[Round "5"]
[White "Pavlov, Nikolay"]
[Black "Blackburn, Jonathan L B"]
[Result "1-0"]
[WhiteTitle "FM"]
[BlackTitle "FM"]
[WhiteElo "2316"]
[BlackElo "2207"]
[WhiteFideId "24141470"]
[BlackFideId "1801090"]
[EventDate "2025.06.10"]

1. e4 e6 2. d4 d5 3. e5 c5 4. c3 Nc6 5. Nf3 Bd7 6. Be2 Rc8 7. O-O Qb6 8. dxc5
Bxc5 9. b4 Bf8 10. Bd3 Nge7 11. a4 Ng6 12. Re1 Qc7 13. Qe2 Be7 14. g3 f6 15.
exf6 gxf6 16. Bh6 Kf7 17. b5 Na5 18. Nd4 Qd6 19. f4 Bf8 20. Qh5 Bxh6 21. Qxh6 f5
22. Nf3 Nc4 23. h4 Rcg8 24. Ng5+ Ke7 25. Bxf5 Kd8 26. Nf7+ Kc7 27. Nxd6 1-0

[Event "Titled Tue 10th Jun Late"]
[Site "chess.com INT"]
[Date "2025.06.10"]
[Round "5"]
[White "Skramstad, Oda Kofoed"]
[Black "Paravyan, David"]
[Result "0-1"]
[WhiteTitle "WCM"]
[BlackTitle "GM"]
[WhiteElo "1898"]
[BlackElo "2589"]
[WhiteFideId "1564862"]
[BlackFideId "4194985"]
[EventDate "2025.06.10"]

1. d4 Nf6 2. c4 g6 3. Nc3 Bg7 4. e4 d6 5. Nf3 Bg4 6. Be2 Bxf3 7. Bxf3 e5 8. O-O
exd4 9. Qxd4 Nc6 10. Qd1 O-O 11. Re1 Re8 12. Bg5 h6 13. Bh4 Qc8 14. Qd2 Ng4 15.
Bxg4 Qxg4 16. Bg3 Ne5 17. b3 c6 18. Rad1 h5 19. h3 Qe6 20. Ne2 Rad8 21. Nf4 Qc8
22. Qb4 Rd7 23. Nd3 Nxd3 24. Rxd3 Be5 25. Bxe5 dxe5 26. Red1 Rd4 27. Rxd4 exd4
28. Qc5 Rxe4 29. Rxd4 b6 30. Qd6 Rxd4 31. Qxd4 Qc7 32. h4 c5 33. Qd5 Qe7 34. g3
Kg7 35. Kg2 Qe2 36. a3 a5 37. Qf3 Qe5 38. a4 Qe6 39. Qc3+ Qf6 40. Qxf6+ Kxf6 41.
Kf3 Kf5 42. Ke3 Kg4 43. Ke4 f5+ 44. Ke5 Kf3 45. Kf6 Kxf2 46. Kxg6 Kxg3 47. Kxh5
f4 48. Kg5 f3 49. h5 f2 50. h6 f1=Q 51. h7 Qa1 52. Kg6 Qh8 53. Kh6 Kf4 54. Kg6
Kg4 55. Kh6 Kf5 56. Kh5 Qxh7# 0-1

[Event "Titled Tue 10th Jun Late"]
[Site "chess.com INT"]
[Date "2025.06.10"]
[Round "5"]
[White "Bratovic, Blaz"]
[Black "Araujo Filho, Luiz Antonio Coel"]
[Result "1-0"]
[WhiteTitle "IM"]
[WhiteElo "2319"]
[BlackElo "2077"]
[WhiteFideId "14603551"]
[BlackFideId "2130661"]
[EventDate "2025.06.10"]

1. e4 c6 2. d4 d5 3. e5 Bf5 4. h4 h5 5. Bd3 Bxd3 6. Qxd3 e6 7. Nd2 Ne7 8. Ngf3
Nf5 9. O-O Nxh4 10. Nxh4 Qxh4 11. c4 dxc4 12. Nxc4 Be7 13. f4 g6 14. b4 Qg4 15.
a4 h4 16. Ne3 Qh5 17. b5 h3 18. g4 h2+ 19. Kh1 Qh3 20. Qe2 Nd7 21. bxc6 bxc6 22.
Ba3 Nb6 23. f5 gxf5 24. Bxe7 Kxe7 25. Ra3 Qh4 26. a5 Nd7 27. Rxf5 Rag8 28. Ra1
Rxg4 29. Rxf7+ Kxf7 30. Nxg4 Rg8 31. Rf1+ Ke7 32. Nf6 Nxf6 33. exf6+ Kf7 34. Qf3
Qxd4 35. Qh5+ Kf8 36. Qh6+ Kf7 37. Qh7+ Kf8 38. Qe7# 1-0

[Event "Titled Tue 10th Jun Late"]
[Site "chess.com INT"]
[Date "2025.06.10"]
[Round "5"]
[White "Pica, Eleni"]
[Black "Chueca Forcen, Alberto"]
[Result "0-1"]
[WhiteTitle "WCM"]
[BlackTitle "IM"]
[WhiteElo "1686"]
[BlackElo "2292"]
[WhiteFideId "5910005"]
[BlackFideId "2269902"]
[EventDate "2025.06.10"]

1. d4 g6 2. c4 Bg7 3. Nc3 c5 4. d5 Bxc3+ 5. bxc3 e5 6. Nf3 d6 7. Rb1 h6 8. e3 f5
9. Be2 Nd7 10. O-O Qe7 11. Nd2 Kd8 12. Qa4 Kc7 13. Nb3 Ngf6 14. Na5 Nb6 15. Qc2
e4 16. Nb3 h5 17. f3 Bd7 18. Nd2 Ba4 19. Qb2 exf3 20. Nxf3 h4 21. Bd1 Bxd1 22.
Rxd1 h3 23. a4 Rab8 24. Qa2 hxg2 25. Ne1 Ng4 26. Qe2 Rxh2 27. Nf3 Qh7 0-1

[Event "Titled Tue 10th Jun Late"]
[Site "chess.com INT"]
[Date "2025.06.10"]
[Round "5"]
[White "Schracke, Guido"]
[Black "Winkels, Marcel"]
[Result "1-0"]
[WhiteTitle "CM"]
[BlackTitle "CM"]
[WhiteElo "2138"]
[BlackElo "1905"]
[WhiteFideId "4637054"]
[BlackFideId "1003887"]
[EventDate "2025.06.10"]

1. e4 c5 2. c3 g6 3. Nf3 Bg7 4. Be2 d6 5. O-O Nf6 6. Re1 O-O 7. Bf1 Bg4 8. h3
Bxf3 9. Qxf3 Nc6 10. Na3 Rc8 11. d3 a6 12. Bg5 b5 13. Qe3 Re8 14. Rac1 b4 15.
Nb1 bxc3 16. bxc3 Rb8 17. f4 e6 18. e5 Nd5 19. Bxd8 Nxe3 20. Bc7 Nxf1 21. Bxb8
Nxb8 22. Rxf1 dxe5 23. fxe5 Bxe5 24. Na3 Nc6 25. Nc4 Bg7 26. Rc2 Rd8 27. Rf3 e5
28. Kf2 f5 29. Ke2 e4 30. dxe4 fxe4 31. Rf4 Re8 32. Nd2 e3 33. Nc4 Bh6 34. Rf3
Ne5 35. Nxe5 Rxe5 36. Rb2 Kg7 37. Rb7+ Kg8 38. g4 Bg5 39. Ra7 Re6 40. Rff7 Rd6
41. Rfd7 Rf6 42. Rd8+ 1-0

[Event "Titled Tue 10th Jun Late"]
[Site "chess.com INT"]
[Date "2025.06.10"]
[Round "5"]
[White "Azamikia, Mehran"]
[Black "Morris-Suzuki, Alan H"]
[Result "0-1"]
[WhiteTitle "CM"]
[WhiteElo "2130"]
[BlackElo "1987"]
[WhiteFideId "12502502"]
[BlackFideId "30933218"]
[EventDate "2025.06.10"]

1. d4 g6 2. e4 Bg7 3. Nf3 d6 4. Nc3 a6 5. a4 Nf6 6. h3 O-O 7. Be2 Nc6 8. Be3 e5
9. d5 Ne7 10. Nd2 c6 11. dxc6 bxc6 12. Nc4 d5 13. exd5 Nfxd5 14. Nxd5 cxd5 15.
Nb6 Rb8 16. a5 d4 17. Bg5 Bb7 18. O-O h6 19. Bxe7 Qxe7 20. f3 Rfd8 21. Bd3 f5
22. Re1 Qh4 23. Qe2 Re8 24. Bxa6 e4 25. Bxb7 Rxb7 26. fxe4 fxe4 27. Qc4+ Kh7 28.
Qc6 Rbe7 29. a6 Qg3 30. a7 Be5 31. a8=Q Rf7 32. Qf6 Qh2+ 33. Kf1 Rxf6+ 34. Ke2
Qxg2+ 35. Kd1 Rxa8 36. Nxa8 e3 37. Ra7+ Kg8 38. Nb6 Qd2# 0-1